Fractured loyalties : masculinity, class and politics in Britain, 1900-30
Αποθηκεύτηκε σε:
| Κύριος συγγραφέας: | |
|---|---|
| Μορφή: | Βιβλίο |
| Γλώσσα: | English |
| Δημοσίευση: |
London :
River Oram Press,
2007
|
| Θέματα: | |
| Ετικέτες: |
Προσθήκη ετικέτας
Δεν υπάρχουν, Καταχωρήστε ετικέτα πρώτοι!
|
MARC
| LEADER | 00000cam a2200000 i 4500 | ||
|---|---|---|---|
| 001 | 1/2029 | ||
| 008 | 091015s2007 eng d | ||
| 020 | |a 978-1-85489-168-6 | ||
| 035 | |l 10105827 | ||
| 040 | |a GR-MY-UA |b gre |e aacr | ||
| 041 | 0 | |a eng | |
| 082 | 0 | |a 306.27 |2 (22) | |
| 100 | 1 | |a Ashplant, T. G. | |
| 245 | 1 | 0 | |a Fractured loyalties : |b masculinity, class and politics in Britain, 1900-30 / |c T. G. Ashplant |
| 260 | |a London : |b River Oram Press, |c 2007 | ||
| 300 | |a xii,360 σ.; |c 23 εκ. | ||
| 504 | |a Περιέχει βιβλιγοραφία και ευρετήριο | ||
| 650 | 0 | 0 | |a Militarism |z Great Britain. |
| 650 | 0 | 0 | |a Sociology, Military |z Great Britain. |
| 650 | 0 | 0 | |a Masculinity |z Great Britain |x History. |
| 650 | 0 | 0 | |a Social classes |z Great Britain. |
| 650 | 0 | 0 | |a Armies |z Great Britain |x History. |
| 852 | |a INST |b LESVOS |e 20091015 |h 306.27 ASH |p 005100046322 |q 005100046322 |t BK |y 0 | ||
| 901 | |a BIBL1-2009-3 | ||
| 909 | |a Λ |b 159498 | ||
| 970 | |a ΤΖΑΦΕΡΗ |b ΕΥΑΓΓΕΛΙΑ |z 2009/10/15 | ||